Score 0/24 Timer 03:00
1 Play Today
Hint Answer % Correct
Romeo and ____Juliet
97.8%
A Streetcar ____ DesireNamed
93.6%
____ LearKing
93.5%
A ____ Night's DreamMidsummer
92.3%
Cat on a ____ Tin RoofHot
91.7%
Who's Afraid of ____ Woolf?Virginia
90.6%
The Odd ____Couple
89.9%
____ and CleopatraAntony
84.5%
The Importance of Being ____Earnest
80.7%
Arsenic and Old ____Lace
78.4%
A Man for All ____Seasons
77.4%
The ____ ComethIceman
66.1%
Hint Answer % Correct
____ for GodotWaiting
65.2%
Cyrano de ____Bergerac
65.2%
A ____ in the SunRaisin
62.5%
The Cherry ____Orchard
54.7%
A ____'s HouseDoll
54%
An Enemy of the ____People
53.2%
____ AndronicusTitus
53.1%
Rosencrantz and ____ are DeadGuildenstern
42.3%
____ VanyaUncle
41.7%
The ____ StoryZoo
31%
Lost in ____Yonkers
28.9%
Doctor ____Faustus
24.1%

Today's Daily Dose

Remove Ads.
Support Sporcle.
Get the best of Sporcle when you Go Orange. This ad-free experience offers more features, more stats, and more fun while also helping to support Sporcle. Thank you for becoming a member.

You're not logged in!

Compare scores with friends on all Sporcle quizzes.
OR
Log In

Show Comments

Extras

Top Quizzes Today


Score Distribution

Your Account Isn't Verified!

In order to create a playlist on Sporcle, you need to verify the email address you used during registration. Go to your Sporcle Settings to finish the process.

Report this User

Report this user for behavior that violates our Community Guidelines.

Details: